Movies Quiz

Random Movies or Disney Quiz
Score 0/13 Timer 03:00
0 Plays Today
Year 2-Word Film % Correct
1953Peter Pan
87.6%
1959Sleeping Beauty
69.8%
2019Frozen 2
49.9%
1973Robin Hood
42.8%
1970The Aristocats
31.5%
1977The Rescuers
30.9%
1999Fantasia 2000
25.7%
2003Brother Bear
23.1%
2002Treasure Planet
19.1%
2005Chicken Little
16.5%
2012Wreck-It Ralph
12.2%
1948Melody Time
11.5%
1943Saludos Amigos
10.5%
Remove Ads.
Support Sporcle.
Get the best of Sporcle when you Go Orange. This ad-free experience offers more features, more stats, and more fun while also helping to support Sporcle. Thank you for becoming a member.

You're not logged in!

Compare scores with friends on all Sporcle quizzes.
OR
Log In

Sporcle TV

Today on Sporcle TV


Watch our educational content, quiz creation guides, and fun videos on Sporcle TV.

Show Comments

Extras

Top Quizzes Today


Score Distribution

Paid Content

Your Account Isn't Verified!

In order to create a playlist on Sporcle, you need to verify the email address you used during registration. Go to your Sporcle Settings to finish the process.

Report this User

Report this user for behavior that violates our Community Guidelines.

Details: